ALAI entrevista: coordinadora revolucionaria de masas (El Salvador)

Salvato in:
Dettagli Bibliografici
Natura: testo
Soggetti:
Tags: Aggiungi Tag
Nessun Tag, puoi essere il primo ad aggiungerne!!

MARC

LEADER 00000 a a2200000 04500
001 17912
003
040
245 |a ALAI entrevista: coordinadora revolucionaria de masas (El Salvador)  
650 |a RECESION ECONOMICA  
650 |a CRISIS POLITICA  
650 |a CRISIS SOCIAL  
650 |a MILITARISMO  
650 |a DERECHA  
650 |a EL SALVADOR  
773 |g volumen 4, número 12; páginas 135-137  
999 |c 27760  |d 27760 
773 0 |0 42391  |9 3811  |a Agencia Latinoamericana de Información, ALAI  |d Quito, Ecuador: ALAI  |o 03831  |t ALAI:  |x 08275564 (Servicio mensual de información y documentación)